Văn học Việt Nam thế kỷ XX : Tiểu thuyết 1975-2000. Quyển 1, tập XLV Q.1, T.45
Na minha lista:
| Formato: | Livro |
|---|---|
| Idioma: | Vietnamese |
| Publicado em: |
Văn học
2009
|
| Tags: |
Adicionar Tag
Sem tags, seja o primeiro a adicionar uma tag!
|
| Thư viện lưu trữ: | Mạng thư viện Đại học Đà Nẵng |
|---|
| LEADER | 00707nam a2200241 4500 | ||
|---|---|---|---|
| 001 | 000023096 | ||
| 003 | 19545 | ||
| 005 | 20150528140505.0 | ||
| 008 | 150528s2009 viesd | ||
| 020 | |c 00 | ||
| 041 | 0 | |a vie | |
| 082 | 1 | 4 | |a 895922334 |b Vă-H |
| 245 | 1 | 0 | |a Văn học Việt Nam thế kỷ XX : Tiểu thuyết 1975-2000. Quyển 1, tập XLV |b Q.1, T.45 |c sưu tầm, biên soạn Nguyễn Cừ, Nguyễn Anh Vũ & ban biên tập |
| 260 | |b Văn học |c 2009 | ||
| 300 | |a tr. |c cm. | ||
| OWN | |a LSP | ||
| 999 | |a From the UDN01 | ||
| TYP | |a Monograph | ||
| TYP | |a Printed language | ||
| 980 | |a Mạng thư viện Đại học Đà Nẵng | ||